Statistics for Word Scramble- European Cities

Click here to take the quiz!

General Stats

  • This quiz has been taken 76 times
  • The average score is 20 of 25

Answer Stats

ScrambleEuropean City% Correct
DonlonLondon
100%
KorcCork
93%
LosoOslo
93%
TheansAthens
92%
HageconpnCopenhagen
92%
ScowmoMoscow
92%
TislabaravBratislava
90%
LidubnDublin
90%
EvkiKiev
90%
WawrsaWarsaw
90%
RiuzchZurich
90%
SbonliLisbon
88%
LinntaTallinn
88%
GueaprPrague
86%
GerbenBergen
83%
ToporPorto
83%
CkhostomlStockholm
80%
KfurarfntFrankfurt
78%
VattalelValletta
76%
KurtuTurku
68%
GhambriinmBirmingham
59%
OlboagnBologna
59%
NamstercheManchester
51%
ObrnBrno
49%
CkliemirLimerick
34%

Score Distribution

Percentile by Number Answered

Percent of People with Each Score

Your Score History

You have not taken this quiz